[Event "World Blitz 2015"]
[Site "Berlin GER"]
[Date "2015.10.13"]
[Round "1.3"]
[White "Postny, Evgeny"]
[Black "Nepomniachtchi, Ian"]
[Result "0-1"]
[WhiteTitle "GM"]
[BlackTitle "GM"]
[WhiteElo "2658"]
[BlackElo "2705"]
[WhiteFideId "2804344"]
[BlackFideId "4168119"]
[EventDate "2015.10.13"]

1. d4 Nf6 2. c4 g6 3. f3 e6 4. e4 c5 5. d5 d6 6. Ne2 Bg7 7. Bg5 h6 8. Be3 O-O 9.
Nec3 a6 10. a4 b6 11. Be2 Ra7 12. Qd2 Kh7 13. O-O Re8 14. Na3 Rae7 15. Rab1 Nbd7
16. Rfd1 Ne5 17. b4 exd5 18. cxd5 Neg4 19. Bf4 Nh5 20. fxg4 Nxf4 21. Qxf4 Bxc3
22. bxc5 Rxe4 23. Qxf7+ Bg7 24. Bd3 R8e7 25. Qf1 Rxa4 26. Rxb6 Bd4+ 27. Kh1 Bxc5
28. Rb3 Rxa3 29. Rxa3 Bxa3 30. Bxg6+ Kg7 31. Bb1 Qa5 32. h3 Qc3 33. Kh2 Qe5+ 34.
Kh1 Qg3 35. Bf5 Bxf5 36. gxf5 Kf6 37. Qxa6 Re1+ 38. Rxe1 Qxe1+ 39. Kh2 Bc5 0-1

[Event "World Blitz 2015"]
[Site "Berlin GER"]
[Date "2015.10.13"]
[Round "1.4"]
[White "Aronian, Levon"]
[Black "Khairullin, Ildar"]
[Result "1-0"]
[WhiteTitle "GM"]
[BlackTitle "GM"]
[WhiteElo "2784"]
[BlackElo "2652"]
[WhiteFideId "13300474"]
[BlackFideId "4151348"]
[EventDate "2015.10.13"]

1. c4 Nf6 2. Nc3 c5 3. e3 g6 4. d4 Bg7 5. d5 O-O 6. Nf3 e6 7. Be2 exd5 8. cxd5
d6 9. Nd2 Na6 10. O-O Nc7 11. e4 Re8 12. a4 b6 13. Re1 Rb8 14. Bb5 Re7 15. Bf1
a6 16. Nc4 b5 17. axb5 axb5 18. Na5 Bd7 19. Bg5 b4 20. Na4 h6 21. Bxf6 Bxf6 22.
Nc4 Bxa4 23. Rxa4 Bd4 24. Na5 Bxb2 25. Nc6 Qe8 26. Ra7 Rc8 27. Nxe7+ Qxe7 28.
Qc2 Bc3 29. Re3 Bd4 30. Rf3 Ra8 31. Rxa8+ Nxa8 32. g3 Nb6 33. Kg2 h5 34. h4 Nd7
35. Rb3 Nf6 36. f3 Qa7 37. Bc4 Nd7 38. Rb1 Ne5 39. Be2 Qa3 40. Qb3 Qa5 41. f4
Nd7 42. e5 dxe5 43. f5 Nf6 44. fxg6 fxg6 45. d6+ Kg7 46. Qe6 Qa8+ 47. Bf3 e4 48.
Be2 Qa7 49. Rf1 e3 50. Bc4 Qa8+ 51. Kh3 Qd8 52. Qe7+ Qxe7 53. dxe7 e2 54. Bxe2
Kf7 55. Bd3 b3 56. Bc4+ Kxe7 57. Bxb3 Nd7 58. Kg2 Ne5 59. Rb1 c4 60. Bc2 c3 61.
Rb4 Bc5 62. Ra4 Kf6 63. Kf1 Be3 64. Ke2 Bd2 65. Ra6+ Kf7 66. Bb3+ Kg7 67. Re6
Ng4 68. Bc2 Nf6 69. Kd3 Ng4 70. Ke2 Nf6 71. Kf3 Kf7 72. Rc6 Kg7 73. Rc7+ Kh6 74.
Re7 Ng4 75. Re6 Kg7 76. Rxg6+ Kf7 77. Ra6 Ne3 78. Bb3+ Kf8 79. Rf6+ Kg7 80. Rc6
Nf5 81. Rc4 Be1 82. Bc2 Nxg3 83. Rf4 Kh6 84. Rf6+ Kg7 85. Re6 1-0

[Event "World Blitz 2015"]
[Site "Berlin GER"]
[Date "2015.10.13"]
[Round "1.7"]
[White "Grigoriants, Sergey"]
[Black "Navara, David"]
[Result "0-1"]
[WhiteTitle "GM"]
[BlackTitle "GM"]
[WhiteElo "2603"]
[BlackElo "2734"]
[WhiteFideId "4130804"]
[BlackFideId "309095"]
[EventDate "2015.10.13"]

1. Nf3 Nf6 2. c4 b6 3. g3 c5 4. Bg2 Bb7 5. O-O g6 6. Nc3 Bg7 7. d4 cxd4 8. Qxd4
d6 9. Be3 Nc6 10. Qd2 Ng4 11. Bf4 Qd7 12. Rad1 O-O 13. h3 Nge5 14. Nxe5 Nxe5 15.
Bxb7 Qxb7 16. b3 a6 17. a4 Rfd8 18. Bh6 Bh8 19. Kh2 Rac8 20. f4 Nd7 21. f5 Bxc3
22. Qxc3 Ne5 23. Qd4 b5 24. axb5 axb5 25. c5 f6 26. b4 Nf7 27. fxg6 Nxh6 28. Qh4
Kg7 29. cxd6 Rc4 30. Rf4 hxg6 31. Rxc4 bxc4 32. dxe7 Rxd1 33. e8=N+ Kf7 34.
Qxf6+ Kxe8 35. Qh8+ Kd7 36. Qg7+ Kc8 37. Qf8+ Kc7 38. Qe7+ Kb8 39. Qf8+ Qc8 40.
Qf4+ Qc7 41. Qf8+ Ka7 42. Qf2+ Qb6 43. e3 Ka6 44. Qc2 Qd6 45. Qa4+ Kb7 46. Qb5+
Kc8 47. Qe8+ Kc7 0-1

[Event "World Blitz 2015"]
[Site "Berlin GER"]
[Date "2015.10.13"]
[Round "1.8"]
[White "Bogdanovich, Stanislav"]
[Black "Motylev, Alexander"]
[Result "1/2-1/2"]
[WhiteTitle "IM"]
[BlackTitle "GM"]
[WhiteElo "2590"]
[BlackElo "2649"]
[WhiteFideId "14115298"]
[BlackFideId "4121830"]
[EventDate "2015.10.13"]

1. d4 d5 2. c4 c6 3. Nf3 Nf6 4. e3 Bf5 5. Nc3 a6 6. Bd3 Bxd3 7. Qxd3 e6 8. O-O
Bb4 9. Bd2 O-O 10. a3 Ba5 11. b4 Bc7 12. e4 dxe4 13. Nxe4 Nxe4 14. Qxe4 h6 15.
Rac1 Nd7 16. Rfe1 Re8 17. Bc3 Nf6 18. Qh4 b5 19. Bd2 Rc8 20. Be3 a5 21. Rc2 axb4
22. axb4 Bd6 23. cxb5 cxb5 24. Rxc8 Qxc8 25. Bxh6 Bxb4 26. Rc1 Qd8 27. Bg5 Be7
28. Ne5 Nd5 29. Qh5 Bxg5 30. Qxf7+ Kh7 31. Qh5+ Bh6 32. Qg6+ Kg8 33. Qf7+ Kh8
34. Rc6 Nf4 35. g3 Rf8 36. Qb7 Ne2+ 37. Kg2 Qd5+ 38. f3 Nxd4 39. Ng6+ Kh7 40.
Nxf8+ Kg8 41. Rc7 Qxb7 42. Rxb7 Kxf8 43. f4 g5 44. fxg5 Bxg5 45. h4 Bd2 46. g4
b4 47. g5 b3 48. g6 Bc1 49. h5 b2 50. Kg3 Kg8 51. Kg4 e5 52. Rb8+ Kg7 53. Rb7+
Kg8 54. Rb8+ Kg7 55. Rb7+ Kg8 56. Rb4 Kg7 57. Rb8 e4 58. Rb7+ Kg8 59. h6 Bxh6
60. Rxb2 e3 61. Kh5 Bf8 62. Rb1 e2 63. Kg4 Bb4 64. Kf4 e1=Q 65. Rxe1 Bxe1 66.
Ke4 Ne6 67. g7 Nxg7 68. Ke5 Kf7 69. Ke4 Ke6 70. Kd4 Kf5 71. Kd5 Ne8 72. Kd4 Bf2+
73. Kd5 Be3 74. Kc6 Ke6 75. Kb5 Kd5 76. Kb4 Nd6 77. Kc3 Ke4 78. Kb4 Kd4 79. Ka5
Kc4 80. Ka6 Bd4 81. Ka5 Kc5 82. Ka6 Kc6 83. Ka5 Bc3+ 84. Ka6 Nb7 85. Ka7 Nc5 86.
Kb8 Ba5 87. Kc8 Nd7 1/2-1/2

[Event "World Blitz 2015"]
[Site "Berlin GER"]
[Date "2015.10.13"]
[Round "1.9"]
[White "Schneider, Ilja"]
[Black "Anand, Viswanathan"]
[Result "1/2-1/2"]
[WhiteTitle "IM"]
[BlackTitle "GM"]
[WhiteElo "2481"]
[BlackElo "2803"]
[WhiteFideId "4663306"]
[BlackFideId "5000017"]
[EventDate "2015.10.13"]

1. d4 d5 2. c4 c6 3. Nf3 Nf6 4. Nc3 e6 5. e3 Nbd7 6. Qc2 Bd6 7. e4 dxe4 8. Nxe4
Nxe4 9. Qxe4 c5 10. Bg5 Be7 11. Bxe7 Qxe7 12. O-O-O O-O 13. Bd3 Nf6 14. Qe5 cxd4
15. Qxd4 Bd7 16. Ne5 Ba4 17. b3 Rfd8 18. Qc3 Bc6 19. f3 a5 20. Rd2 Qa3+ 21. Qb2
Qc5 22. Rhd1 Kf8 23. Bb1 Rxd2 24. Rxd2 Qg1+ 25. Rd1 Qe3+ 26. Kc2 Be8 27. Qd4
Qxd4 28. Rxd4 Ke7 29. Kc3 b6 30. Bc2 h6 31. a3 Rc8 32. Bd3 Nd7 33. Nxd7 Bxd7 34.
b4 axb4+ 35. axb4 e5 36. Rd5 f6 37. Rxd7+ Kxd7 38. Bf5+ Kc7 39. Bxc8 Kxc8 40. c5
bxc5 41. bxc5 Kc7 42. Kb4 Kc6 43. Kc4 f5 44. Kb4 g5 45. Kc4 h5 46. Kb4 e4 47.
fxe4 fxe4 48. Kc4 e3 49. Kd3 Kxc5 50. Kxe3 1/2-1/2

[Event "World Blitz 2015"]
[Site "Berlin GER"]
[Date "2015.10.13"]
[Round "1.11"]
[White "Vidit, Santosh Gujrathi"]
[Black "Mamedov, Rauf"]
[Result "0-1"]
[WhiteTitle "GM"]
[BlackTitle "GM"]
[WhiteElo "2651"]
[BlackElo "2657"]
[WhiteFideId "5029465"]
[BlackFideId "13401653"]
[EventDate "2015.10.13"]

1. d4 d6 2. Nf3 g6 3. g3 Bg7 4. Bg2 Nd7 5. O-O e5 6. e4 Ngf6 7. Re1 O-O 8. Nc3
exd4 9. Nxd4 a6 10. h3 Re8 11. a4 Rb8 12. a5 Ne5 13. Nb3 Be6 14. f4 Nc6 15. Nd5
Bxd5 16. exd5 Rxe1+ 17. Qxe1 Ne7 18. c4 Qd7 19. Bd2 Re8 20. Qf1 Nf5 21. Qd3 h5
22. c5 h4 23. g4 Ng3 24. c6 bxc6 25. dxc6 Qc8 26. Re1 Rxe1+ 27. Bxe1 Qe6 28. Bd2
Nfe4 29. Be3 Bxb2 30. Nd2 Nxd2 31. Bxd2 Qa2 32. Bd5 Qa1+ 33. Kh2 Kg7 34. f5 Bd4
35. f6+ Kh8 36. Kg2 Qh1# 0-1

[Event "World Blitz 2015"]
[Site "Berlin GER"]
[Date "2015.10.13"]
[Round "1.12"]
[White "Ponomariov, Ruslan"]
[Black "Borisek, Jure"]
[Result "1-0"]
[WhiteTitle "GM"]
[BlackTitle "GM"]
[WhiteElo "2710"]
[BlackElo "2565"]
[WhiteFideId "14103320"]
[BlackFideId "14603152"]
[EventDate "2015.10.13"]

1. e4 e5 2. Nf3 Nc6 3. Bb5 a6 4. Ba4 Nf6 5. O-O Be7 6. d3 d6 7. c3 O-O 8. Re1
Nb8 9. Nbd2 Nbd7 10. Bc2 Re8 11. Nf1 Bf8 12. Ng3 b5 13. d4 Bb7 14. Bd2 c6 15. a4
Qc7 16. Bd3 Rac8 17. Qc2 Qb8 18. b3 g6 19. Bf1 Bg7 20. Rad1 Qc7 21. h3 Nb6 22.
axb5 axb5 23. Qc1 Qe7 24. Bh6 Bh8 25. dxe5 dxe5 26. Nf5 Qe6 27. Nd6 Rb8 28. Nxe8
Rxe8 29. c4 bxc4 30. Bxc4 Nxc4 31. Qxc4 Qxc4 32. bxc4 c5 33. Nd2 Bg7 34. Bxg7
Kxg7 35. f3 Rc8 36. Rb1 Bc6 37. Kf2 Bd7 38. Rb6 Be6 39. Reb1 Rd8 40. R1b2 h5 41.
h4 Ne8 42. Rc6 Rd4 43. Rxc5 Kf6 44. Rc6 Nd6 45. c5 Nc4 46. Nxc4 Rxc4 47. Ke3 g5
48. hxg5+ Kxg5 49. Rc7 h4 50. c6 h3 51. gxh3 Rc3+ 52. Kd2 Rxf3 53. Re7 Rxh3 54.
c7 Rh8 55. Rb8 1-0

[Event "World Blitz 2015"]
[Site "Berlin GER"]
[Date "2015.10.13"]
[Round "1.13"]
[White "Huzman, Alexander"]
[Black "Fedoseev, Vladimir3"]
[Result "0-1"]
[WhiteTitle "GM"]
[BlackTitle "GM"]
[WhiteElo "2580"]
[BlackElo "2659"]
[WhiteFideId "2803828"]
[BlackFideId "24130737"]
[EventDate "2015.10.13"]

1. Nf3 Nf6 2. c4 g6 3. Nc3 Bg7 4. e4 d6 5. d4 O-O 6. Be2 c5 7. O-O Re8 8. h3 Nc6
9. d5 Na5 10. Bg5 h6 11. Bf4 e5 12. Bd2 Nh5 13. Re1 Nf4 14. Bf1 Bd7 15. Kh2 a6
16. g3 Nh5 17. Bd3 b5 18. b3 b4 19. Ne2 f5 20. Nh4 Nf6 21. Ng1 fxe4 22. Rxe4 g5
23. Ng2 Bf5 24. Qc2 Nxe4 25. Bxe4 Bxe4 26. Qxe4 Qf6 27. Rf1 Rf8 28. h4 Qf5 29.
Qxf5 Rxf5 30. hxg5 hxg5 31. g4 Rf7 32. Nh3 Raf8 33. Ne3 Rf3 34. Kg2 Bh6 35. Nf5
R3xf5 36. gxf5 Rxf5 37. f3 g4 38. Bxh6 gxh3+ 39. Kg3 Nb7 40. Kg4 Rf7 41. Bg5 Rh7
42. f4 h2 43. Rh1 Kf7 44. f5 a5 45. Kf3 Rh5 46. Kg4 Rh7 47. Bh4 Rg7+ 48. Kf3 a4
49. Rxh2 Na5 50. Bd8 Nb7 51. Bc7 Kf6 52. Rh6+ Kxf5 53. Bxd6 e4+ 54. Ke3 Nxd6 55.
Rxd6 Rg3+ 56. Ke2 a3 57. Rh6 Rg2+ 58. Ke3 Rxa2 59. d6 Ra1 60. Rh5+ Ke6 61. Rd5
Kd7 62. Ke2 a2 63. Rd2 Re1+ 0-1

[Event "World Blitz 2015"]
[Site "Berlin GER"]
[Date "2015.10.13"]
[Round "1.15"]
[White "Agdestein, Simen"]
[Black "Karjakin, Sergey"]
[Result "1-0"]
[WhiteTitle "GM"]
[BlackTitle "GM"]
[WhiteElo "2606"]
[BlackElo "2762"]
[WhiteFideId "1500015"]
[BlackFideId "14109603"]
[EventDate "2015.10.13"]

1. d4 Nf6 2. Nf3 e6 3. c4 d5 4. Nc3 c6 5. e3 Nbd7 6. b3 Ne4 7. Nxe4 dxe4 8. Nd2
f5 9. Be2 Bd6 10. c5 Bc7 11. Nc4 O-O 12. Bb2 Nf6 13. O-O Nd5 14. Ne5 Bd7 15. Qd2
Be8 16. f4 g5 17. fxg5 Qxg5 18. Bc4 Rd8 19. Rae1 Bh5 20. Kh1 Kh8 21. b4 Rg8 22.
Rf2 Qh4 23. Ref1 Bxe5 24. dxe5 f4 25. Bd4 Nxe3 26. Bxe6 Nxf1 27. Rxf1 e3 28. Qc3
e2 29. Rg1 Rxd4 30. Qxd4 1-0

[Event "World Blitz 2015"]
[Site "Berlin GER"]
[Date "2015.10.13"]
[Round "1.18"]
[White "Morozevich, Alexander"]
[Black "Nielsen, Peter Heine"]
[Result "1-0"]
[WhiteTitle "GM"]
[BlackTitle "GM"]
[WhiteElo "2711"]
[BlackElo "2654"]
[WhiteFideId "4116992"]
[BlackFideId "1400355"]
[EventDate "2015.10.13"]

1. e4 g6 2. h4 Nf6 3. e5 Nh5 4. d4 d6 5. Nf3 Bg4 6. Be2 dxe5 7. Nxe5 Bxe2 8.
Qxe2 Qxd4 9. Qb5+ Nd7 10. Nxd7 Qxd7 11. Qxb7 Rd8 12. O-O Bg7 13. Nd2 O-O 14. Nf3
c5 15. Qxd7 Rxd7 16. c3 Rb8 17. Re1 h6 18. g4 Nf6 19. Ne5 Rd6 20. f3 Nd5 21. Nc4
Rd7 22. a4 Nb6 23. Nd2 e6 24. a5 Nd5 25. Nc4 Nxc3 26. bxc3 Bxc3 27. Bxh6 Bxa1
28. Rxa1 Rd3 29. Ne5 Rdb3 30. Kf2 Rb1 31. Rxb1 Rxb1 32. Bd2 Rb3 33. Ke2 Kf8 34.
Nd7+ Ke7 35. Nxc5 Rb5 36. Nd3 f5 37. Bc3 Kd6 38. g5 Rb3 39. Kd2 a6 40. Nf4 e5
41. Nxg6 e4 42. fxe4 fxe4 43. Nf4 1-0

[Event "World Blitz 2015"]
[Site "Berlin GER"]
[Date "2015.10.13"]
[Round "1.19"]
[White "Vovk, Yuri"]
[Black "Onischuk, Vladimir"]
[Result "1/2-1/2"]
[WhiteTitle "GM"]
[BlackTitle "GM"]
[WhiteElo "2617"]
[BlackElo "2612"]
[WhiteFideId "14113171"]
[BlackFideId "14114038"]
[EventDate "2015.10.13"]

1. d4 d6 2. Nf3 g6 3. e4 Nf6 4. Bd3 Bg7 5. c3 O-O 6. O-O Nbd7 7. Re1 e5 8. Nbd2
Re8 9. a4 a6 10. a5 Nh5 11. Nc4 h6 12. dxe5 dxe5 13. Be3 Qf6 14. g3 Nf8 15. Be2
Bg4 16. Nfd2 Bxe2 17. Qxe2 Ne6 18. Nf3 Nd8 19. Rad1 Nc6 20. b4 Qe6 21. Nb2 Nf6
22. Nd2 h5 23. Nd3 Nd7 24. Nf3 Rad8 25. Ng5 Qe7 26. h4 Qf6 27. Qa2 Qe7 28. Bc5
Qf6 29. Qc4 Bf8 30. Be3 Be7 31. Kg2 Nf8 32. Nc5 Bxc5 33. Bxc5 Ne6 34. Rxd8 Ncxd8
35. Be3 Qe7 36. Nf3 f6 37. Rd1 Nf7 38. Bc5 Nxc5 39. bxc5 c6 40. Rd3 Rd8 41. Ne1
Kg7 42. Rxd8 Nxd8 43. Nd3 Ne6 44. Qb3 Qd7 45. Qc4 g5 46. Kf1 gxh4 47. gxh4 Kf7
48. Ke2 Ke7 49. Qb4 Nf4+ 50. Nxf4 exf4 51. Qd4 Qg4+ 52. f3 Qg2+ 53. Qf2 Qh1 54.
Qd4 Qh2+ 55. Kd3 Qh3 56. Kc4 Qxf3 57. Qd6+ Kf7 58. Qd7+ Kg6 59. Qe8+ Kg7 60.
Qe7+ 1/2-1/2

[Event "World Blitz 2015"]
[Site "Berlin GER"]
[Date "2015.10.13"]
[Round "1.20"]
[White "Dreev, Aleksey"]
[Black "Papin, Vasily"]
[Result "1-0"]
[WhiteTitle "GM"]
[BlackTitle "GM"]
[WhiteElo "2644"]
[BlackElo "2502"]
[WhiteFideId "4100107"]
[BlackFideId "4143183"]
[EventDate "2015.10.13"]

1. d4 Nf6 2. c4 e6 3. Nf3 b6 4. g3 Ba6 5. b3 b5 6. cxb5 Bxb5 7. Bg2 Bb4+ 8. Bd2
a5 9. Ne5 d5 10. a3 Be7 11. Nc3 Ba6 12. b4 Nfd7 13. Nxd7 Qxd7 14. O-O O-O 15.
Rb1 Bc4 16. Bf4 axb4 17. axb4 Nc6 18. b5 Na5 19. Qc2 c5 20. dxc5 Bxc5 21. Na4
Rac8 22. Rfc1 Qb7 23. Nxc5 Rxc5 24. Bd6 Rfc8 25. Bxc5 Rxc5 26. b6 Nc6 27. Qd2 h6
28. e4 Ne5 29. exd5 Bxd5 30. Bxd5 Rxd5 31. Qe2 Rd2 32. Qxe5 Qf3 33. Qe3 1-0

[Event "World Blitz 2015"]
[Site "Berlin GER"]
[Date "2015.10.13"]
[Round "1.22"]
[White "Alekseev, Evgeny"]
[Black "Bluebaum, Matthias"]
[Result "1-0"]
[WhiteTitle "GM"]
[BlackTitle "GM"]
[WhiteElo "2642"]
[BlackElo "2588"]
[WhiteFideId "4138147"]
[BlackFideId "24651516"]
[EventDate "2015.10.13"]

1. e4 e6 2. d4 d5 3. Nc3 Nf6 4. e5 Nfd7 5. f4 c5 6. Nf3 Nc6 7. Be3 Be7 8. Qd2
O-O 9. Be2 b6 10. Nd1 cxd4 11. Nxd4 Bb7 12. O-O Nc5 13. Nc3 Rc8 14. Rad1 Qd7 15.
Nxc6 Bxc6 16. Bd4 Ne4 17. Nxe4 dxe4 18. Qe3 Bd5 19. c3 Rfd8 20. a3 Qc6 21. Rd2
Rd7 22. Re1 Rcd8 23. Bd1 Bh4 24. g3 Be7 25. Bc2 Bc5 26. Bxe4 Bxe4 27. Qxe4 Rd5
28. Kg2 Qa8 29. Qf3 Bxd4 30. cxd4 Rxd4 31. Rxd4 Qxf3+ 32. Kxf3 Rxd4 33. Rc1 g6
34. Ke3 Rd7 35. b4 Kg7 36. b5 h6 37. h4 g5 38. h5 f6 39. Rc6 Kf7 40. f5 Re7 41.
fxe6+ Rxe6 42. Rxe6 Kxe6 43. exf6 Kxf6 44. Ke4 g4 45. Kf4 Ke6 46. Kxg4 Ke5 47.
Kf3 Kf5 48. g4+ Ke6 1-0

[Event "World Blitz 2015"]
[Site "Berlin GER"]
[Date "2015.10.13"]
[Round "1.24"]
[White "Svidler, Peter"]
[Black "Khismatullin, Denis"]
[Result "1-0"]
[WhiteTitle "GM"]
[BlackTitle "GM"]
[WhiteElo "2727"]
[BlackElo "2651"]
[WhiteFideId "4102142"]
[BlackFideId "4142578"]
[EventDate "2015.10.13"]

1. Nf3 c5 2. c4 Nc6 3. b3 e5 4. Nc3 g6 5. g3 Bg7 6. Bg2 Nge7 7. O-O O-O 8. Bb2
d6 9. Ne1 Be6 10. Nd5 Rb8 11. Nc2 b5 12. d3 Qd7 13. Nce3 Bh3 14. Bxh3 Qxh3 15.
f4 Nxd5 16. Nxd5 Rbe8 17. cxb5 Nd4 18. e3 Nxb5 19. f5 a6 20. f6 Bh6 21. a4 Na7
22. Qf3 Nc6 23. Rac1 Rb8 24. Ne7+ Nxe7 25. fxe7 Rfe8 26. Qxf7+ Kh8 27. Qf6+ Bg7
28. Qxd6 1-0

[Event "World Blitz 2015"]
[Site "Berlin GER"]
[Date "2015.10.13"]
[Round "1.25"]
[White "Ehlvest, Jaan"]
[Black "Meier, Georg"]
[Result "1-0"]
[WhiteTitle "GM"]
[BlackTitle "GM"]
[WhiteElo "2535"]
[BlackElo "2654"]
[WhiteFideId "4500016"]
[BlackFideId "4675789"]
[EventDate "2015.10.13"]

1. Nf3 d5 2. c4 d4 3. b4 c5 4. bxc5 Nc6 5. d3 e5 6. g3 Bxc5 7. Bg2 Nf6 8. O-O
O-O 9. Bg5 h6 10. Bxf6 Qxf6 11. Nbd2 Qe7 12. Rb1 Bg4 13. Ne4 Bb6 14. h3 Be6 15.
Rb5 f5 16. Ned2 e4 17. Nh4 Rf6 18. dxe4 f4 19. e5 Rf7 20. Ng6 Qg5 21. Nxf4 Rxf4
22. gxf4 Qxf4 23. c5 Bc7 24. Rxb7 Bxe5 25. Nf3 Bf6 26. Qc1 Qf5 27. Qb1 Qf4 28.
Re1 Rf8 29. Qg6 Kh8 30. Qg3 Qf5 31. Nh4 Bxh4 32. Qxh4 Bd5 33. Qg3 Rg8 34. Qg4
Qe5 35. Bxd5 Qxd5 36. Qf3 Qe6 37. Reb1 Ne5 38. Qe4 d3 1-0

[Event "World Blitz 2015"]
[Site "Berlin GER"]
[Date "2015.10.13"]
[Round "1.26"]
[White "Salem, A.R. Saleh"]
[Black "Milanovic, Danilo"]
[Result "1-0"]
[WhiteTitle "GM"]
[BlackTitle "GM"]
[WhiteElo "2624"]
[BlackElo "2469"]
[WhiteFideId "9301348"]
[BlackFideId "915483"]
[EventDate "2015.10.13"]

1. d4 Nf6 2. c4 c5 3. d5 b5 4. Qc2 bxc4 5. e4 d6 6. Bxc4 g6 7. Nc3 Bg7 8. Nf3
O-O 9. O-O Nbd7 10. Re1 Rb8 11. Rb1 Ng4 12. Bf1 Nb6 13. Bf4 Nd7 14. h3 Nge5 15.
Nd2 f5 16. exf5 Rxf5 17. Bg3 Rf8 18. Nde4 Nb6 19. Nxc5 dxc5 20. Bxe5 Bxe5 21.
Rxe5 Bf5 22. Bd3 Nc4 23. Rxf5 gxf5 24. Bxc4 Kh8 25. Re1 Rb6 26. Qe2 1-0

[Event "World Blitz 2015"]
[Site "Berlin GER"]
[Date "2015.10.13"]
[Round "1.28"]
[White "Matlakov, Maxim"]
[Black "Maze, Sebastien"]
[Result "1-0"]
[WhiteTitle "GM"]
[BlackTitle "GM"]
[WhiteElo "2689"]
[BlackElo "2582"]
[WhiteFideId "4168003"]
[BlackFideId "613762"]
[EventDate "2015.10.13"]

1. Nf3 Nf6 2. g3 g6 3. c4 Bg7 4. Nc3 O-O 5. Bg2 d6 6. d4 Nbd7 7. O-O e5 8. e4
exd4 9. Nxd4 Re8 10. Re1 a6 11. h3 Rb8 12. a4 a5 13. b3 Nc5 14. Bb2 c6 15. Qc2
Qb6 16. Rad1 Bd7 17. Bc1 Rbd8 18. Be3 Bc8 19. f4 Nfd7 20. Bf2 Nb8 21. g4 Nba6
22. Kh1 Nb4 23. Qe2 Nba6 24. Qf3 Qb4 25. Rb1 Ne6 26. Nxe6 Bxe6 27. Rec1 Nc5 28.
f5 Bc8 29. f6 Bf8 30. Rd1 Nd7 31. Bd4 Ne5 32. Qf2 c5 33. Nd5 cxd4 34. Nxb4 axb4
35. Rxd4 Nc6 36. Rd5 Be6 37. Rb5 Ne5 38. Rd1 Bc8 39. a5 Bh6 40. Rb6 Nc6 41. a6
Na5 42. Ra1 Nxb3 43. a7 Be6 44. Ra2 Nc5 45. e5 b3 46. Rb2 Nd3 47. Qe2 Nxb2 48.
Qxb2 d5 49. cxd5 Bxd5 50. Bxd5 Rxd5 51. Qxb3 Rdxe5 52. Rxb7 Re1+ 53. Kg2 R1e2+
54. Kf3 R2e3+ 55. Qxe3 Rxe3+ 56. Kf2 Ra3 57. Rb8+ Bf8 58. a8=Q Rxa8 59. Rxa8 g5
60. Kf3 h6 61. Ke4 1-0

[Event "World Blitz 2015"]
[Site "Berlin GER"]
[Date "2015.10.13"]
[Round "1.30"]
[White "Korobov, Anton"]
[Black "Heimann, Andreas"]
[Result "1-0"]
[WhiteTitle "GM"]
[BlackTitle "IM"]
[WhiteElo "2700"]
[BlackElo "2546"]
[WhiteFideId "14105730"]
[BlackFideId "24624632"]
[EventDate "2015.10.13"]

1. d4 Nf6 2. c4 e6 3. Nc3 Bb4 4. e3 O-O 5. Bd3 d5 6. Nf3 c5 7. O-O cxd4 8. exd4
dxc4 9. Bxc4 b6 10. Bg5 Bb7 11. Re1 h6 12. Bh4 Nc6 13. Rc1 Rc8 14. Bd3 Be7 15.
Bb1 Nh5 16. Qd3 g6 17. Bg3 Nxg3 18. hxg3 Bf6 19. Rxe6 Nb4 20. Qb5 fxe6 21. Qxb4
Bxf3 22. gxf3 Bxd4 23. Be4 Kg7 24. Kg2 Bc5 25. Qb3 Qd2 26. Rc2 Qd6 27. Re2 Rce8
28. Nb5 Qe7 29. Qa4 a5 30. a3 Rf6 31. Nc3 Ref8 32. Qc4 Qf7 33. Qd3 Qc7 34. Rc2
Qd6 35. Qe2 Qe5 36. Rd2 Bd4 37. Nb5 Bc5 38. Na7 Qc7 39. Nc6 R8f7 40. b4 axb4 41.
axb4 Bf8 42. f4 Rd7 43. Rc2 Qd6 44. Ne5 Rc7 45. Rb2 Qd4 46. b5 Bc5 47. Rd2 Qb4
48. Rd8 Be7 49. Rb8 Bc5 50. Bxg6 Bd6 51. Qg4 Bxe5 52. Be4+ Kf7 53. Qg8+ Ke7 54.
Qd8+ Kf7 55. Qe8+ Kg7 56. Qg8# 1-0

[Event "World Blitz 2015"]
[Site "Berlin GER"]
[Date "2015.10.13"]
[Round "1.31"]
[White "Godena, Michele"]
[Black "Rakhmanov, Aleksandr"]
[Result "1/2-1/2"]
[WhiteTitle "GM"]
[BlackTitle "GM"]
[WhiteElo "2513"]
[BlackElo "2637"]
[WhiteFideId "800090"]
[BlackFideId "4173708"]
[EventDate "2015.10.13"]

1. e4 c5 2. c3 e6 3. Nf3 d5 4. exd5 exd5 5. d4 Nc6 6. Bb5 Bd6 7. O-O Ne7 8. dxc5
Bxc5 9. Nbd2 O-O 10. Nb3 Bb6 11. Bd3 Ng6 12. Re1 Qd6 13. Be3 Bxe3 14. Rxe3 Bg4
15. h3 Bxf3 16. Qxf3 Rae8 17. Rxe8 Rxe8 18. Bxg6 hxg6 19. Rd1 Rd8 20. Nd4 Ne5
21. Qg3 Nc4 22. Qxd6 Nxd6 23. Nc2 Nc4 24. b3 Nb6 25. Ne3 Rd7 26. Rd4 Kf8 27. a4
a5 28. Kf1 Ke7 29. Ke2 Ke6 30. Kd3 Rd6 31. Kc2 Rc6 32. Kd3 Rd6 33. Kc2 Rc6 34.
Kd3 Rd6 35. Kc2 1/2-1/2

[Event "World Blitz 2015"]
[Site "Berlin GER"]
[Date "2015.10.13"]
[Round "1.32"]
[White "Melkumyan, Hrant"]
[Black "Shabalov, Alexander"]
[Result "1-0"]
[WhiteTitle "GM"]
[BlackTitle "GM"]
[WhiteElo "2622"]
[BlackElo "2522"]
[WhiteFideId "13302485"]
[BlackFideId "2008572"]
[EventDate "2015.10.13"]

1. d4 Nf6 2. c4 b6 3. Nf3 Bb7 4. g3 c5 5. d5 b5 6. Bg2 g6 7. O-O bxc4 8. Nc3 d6
9. Nd2 Bg7 10. Nxc4 O-O 11. Re1 Ba6 12. Qa4 Qc8 13. Na5 Nbd7 14. Nc6 Re8 15. Bg5
Nb6 16. Qh4 Qc7 17. e4 Bb7 18. Na5 Nbxd5 19. Nxb7 Nxc3 20. bxc3 Rab8 21. Rab1
Nd7 22. e5 Nxe5 23. Qa4 Nd3 24. Re3 c4 25. Qxa7 Bxc3 26. Re2 e6 27. a4 d5 28. a5
Bxa5 29. Rb5 Bc3 30. h4 d4 31. h5 Ra8 32. Qb6 Ra1+ 33. Kh2 Qxb6 34. Rxb6 Nc1 35.
Bxc1 Rxc1 36. Nd6 Rd8 37. Nxc4 d3 38. Ra2 d2 39. Ne3 d1=Q 40. Nxd1 Rdxd1 41. h6
Rd8 42. Rc6 Bb2 43. Rxb2 Rxc6 44. Bxc6 e5 45. Kg2 Kf8 46. Rb7 Rd6 47. Bb5 g5 48.
Bc4 Rf6 49. g4 e4 50. Bd5 Rf4 51. Kg3 Rf3+ 52. Kg2 Rf4 53. Kh3 Rf3+ 54. Kg2 Rf4
55. Rb8+ Ke7 56. Rh8 Rxg4+ 57. Kf1 Rh4 58. Rxh7 Kd6 59. Bxf7 Ke5 60. Rg7 Rxh6
61. Bc4 Kf4 62. Rf7+ Ke5 63. Be2 Rh4 64. Rf8 Rf4 65. Re8+ Kf6 66. Kg2 Kf7 67.
Re5 Kf6 68. Ra5 Kg6 69. Ra3 Kf6 70. Kg3 Ke5 71. Ra5+ Kf6 72. Bg4 Kg6 73. Ra6+
Kg7 74. Bh5 Rf5 75. Re6 1-0